| 000 | 01136 a2200313 4500 | ||
|---|---|---|---|
| 003 | OSt | ||
| 005 | 20180116192332.0 | ||
| 008 | 120210t xxu||||| |||| 00| 0 eng d | ||
| 010 | _a 92053424 | ||
| 020 | _a0821219308 : | ||
| 040 | _c0 | ||
| 082 | 0 | 0 | _a307.76 |
| 100 | 1 | _aKostof, Spiro. | |
| 245 | 1 | 4 |
_aThe city assembled : _bthe elements of urban form through history / _cSpiro Kostof with the collaboration of Greg Castillo ; original drawings by Richard Tobias. |
| 250 | _a1st North American ed. | ||
| 260 |
_aBoston : _bLittle, Brown, _cc1992. |
||
| 300 |
_a320 p. : _bill. (some col.) ; _c25 cm. |
||
| 500 | _a"A Bulfinch Press book." | ||
| 500 | _aIncludes bibliographical refrences and indexe | ||
| 505 | _a1.The city edge -- 2. Urban divisions -- 3. Public places-- 4. The street-- 5. Urban process. | ||
| 650 | 0 |
_aCities and towns _xHistory. |
|
| 650 | 0 | _aCity and town life. | |
| 650 | 0 | _aCity planning. | |
| 650 | 0 | _aArchitecture | |
| 650 | 0 | _aPublic spaces | |
| 650 | 0 |
_aCities and towns _xGrowth |
|
| 942 |
_aSADA _cBK _k307.76 KOS 1992 _2ddc |
||
| 999 |
_c352329 _d352329 |
||